| 000 | 00675nam a22002177a 4500 | ||
|---|---|---|---|
| 003 | KOHA_MİRAKIL | ||
| 005 | 20260415090919.0 | ||
| 008 | 260414b tu ||||| |||| 00| 0 tur d | ||
| 040 |
_aTR-AnABB _btur _cTR-AnABB |
||
| 041 | _atur | ||
| 082 |
_a955.052 _bAEG 1976 |
||
| 100 | 1 | _aAegleton, William | |
| 245 | 1 | 0 |
_aMehabad Kürt Cumhuriyeti / _cWilliam Aegleton ; Türkçesi: M. E. Bozarslan |
| 260 |
_aAnkara : _bKoral Yayınları, _c1976 |
||
| 300 |
_a296 sayfa ; _c18 cm |
||
| 650 | 0 | 4 | _aTarih, İran |
| 650 | 0 | 4 |
_aTarih, _zİran, _y1941-1945 |
| 700 | 1 |
_aBozarslan, M. E., _eçeviren _93395 |
|
| 900 | _bCan ÇELIK | ||
| 942 |
_2ddc _cBK |
||
| 999 |
_c10211 _d10211 |
||